| 000 | 00624nam a2200241Ia 4500 | ||
|---|---|---|---|
| 003 | OSt | ||
| 005 | 20220918222958.0 | ||
| 006 | a|||||r|||| 00| 0 | ||
| 007 | ta | ||
| 008 | 220917b |||||||| |||| 00| 0 eng d | ||
| 024 | _a219,724 | ||
| 037 | _cTextual | ||
| 040 |
_aARTS _cARTS _beng |
||
| 041 |
_2eng _aeng |
||
| 082 | _aS9, P3 | ||
| 100 |
_aSykes Bryan _9144540 |
||
| 245 | 0 |
_aAdam's Curse _b A Future Without Men. |
|
| 260 |
_aLondon _bBantam Press _c2003 |
||
| 300 |
_ax,310p. _ccm. |
||
| 650 |
_aANIMAL BEHAVIOUR _929214 |
||
| 942 |
_hS9, P3 _cTEXL _2CC |
||
| 999 |
_c277037 _d277037 |
||